[Event "Chigorin Memorial 30th"]
[Site "St Petersburg"]
[Date "2023.10.24"]
[Round "4"]
[White "Bondarenko, Ivan"]
[Black "Epishin, Vladimir"]
[Result "0-1"]
[WhiteElo "2101"]
[BlackElo "2446"]
[PlyCount "54"]
[EventDate "2023.10.21"]
[EventType "swiss"]
[EventRounds "9"]
[EventCountry "RUS"]
[SourceTitle "Mega2024 Update 01"]
[Source "Chessbase"]
[SourceDate "2023.11.12"]
[SourceVersion "1"]
[SourceVersionDate "2023.11.12"]
[SourceQuality "1"]

1. d4 Nf6 2. c4 g6 3. g3 c6 4. Nf3 Bg7 5. Bg2 0-0 6. 0-0 d5 7. Qb3 a5 8. Nc3 a4 9. Qb4 dxc4 10. Qxc4 Qa5 11. Rd1 Be6 12. Qd3 Na6 13. e4 Rfd8 14. Bg5 a3 15. b3 Nb4 16. Qd2 Bg4 17. Qc1 e5 18. dxe5 Rxd1+ 19. Qxd1 Nd7 20. Qd2 Nxe5 21. Nxe5 Qxe5 22. Rc1 Qd4 23. h3 Qxd2 24. Bxd2 Be6 25. Rb1 Rd8 26. Nd5 Nxa2 27. Bg5 Ra8 0-1

[Event "Chigorin Memorial 30th"]
[Site "St Petersburg"]
[Date "2023.10.23"]
[Round "3"]
[White "Mineev, Sergey I"]
[Black "Bondarenko, Ivan"]
[Result "0-1"]
[WhiteElo "1860"]
[BlackElo "2101"]
[PlyCount "88"]
[EventDate "2023.10.21"]
[EventType "swiss"]
[EventRounds "9"]
[EventCountry "RUS"]
[SourceTitle "Mega2024 Update 01"]
[Source "Chessbase"]
[SourceDate "2023.11.12"]
[SourceVersion "1"]
[SourceVersionDate "2023.11.12"]
[SourceQuality "1"]

1. d4 Nf6 2. c4 e6 3. Nf3 c5 4. d5 d6 5. Nc3 exd5 6. cxd5 g6 7. e4 a6 8. a4 Bg4 9. Be2 Bxf3 10. Bxf3 Bg7 11. h4 h6 12. Bf4 Qe7 13. Qd2 Nbd7 14. 0-0-0 0-0-0 15. Rhe1 Ne5 16. Be2 Kb8 17. g3 Ka8 18. Bxe5 Qxe5 19. f4 Qe8 20. Bc4 Nd7 21. a5 Bd4 22. Qd3 Ka7 23. Ne2 Bf6 24. Ng1 g5 25. Nf3 gxf4 26. gxf4 Rg8 27. Qe3 Rg4 28. b3 Qh8 29. e5 dxe5 30. Nxe5 Bxe5 31. fxe5 Re8 32. e6 Qa1+ 33. Kc2 Qa2+ 34. Kc1 Qxa5 35. Kb2 Nb6 36. Be2 Rd4 37. Bf3 Qb4 38. Ka2 fxe6 39. dxe6 Rxd1 40. Bxd1 Nd5 41. Qe5 Qd2+ 42. Ka3 Rxe6 43. Qxe6 Qc1+ 44. Ka2 Nc3# 0-1

[Event "Chigorin Memorial 30th"]
[Site "St Petersburg"]
[Date "2023.10.21"]
[Round "1"]
[White "Nuritdinov, Nizomitdin"]
[Black "Bondarenko, Ivan"]
[Result "0-1"]
[WhiteElo "1639"]
[BlackElo "2101"]
[PlyCount "86"]
[EventDate "2023.10.21"]
[EventType "swiss"]
[EventRounds "9"]
[EventCountry "RUS"]
[SourceTitle "Mega2024 Update 01"]
[Source "Chessbase"]
[SourceDate "2023.11.12"]
[SourceVersion "1"]
[SourceVersionDate "2023.11.12"]
[SourceQuality "1"]

1. d4 Nf6 2. Nf3 e6 3. Bg5 h6 4. Bh4 d6 5. e3 g5 6. Bg3 Nh5 7. Be2 Bg7 8. c3 Nd7 9. Na3 Qe7 10. Nb5 Ndf6 11. c4 Ne4 12. Qc2 Nhxg3 13. hxg3 f5 14. Nd2 Nf6 15. Rc1 c6 16. Nc3 0-0 17. Nf3 e5 18. c5 exd4 19. cxd6 Qxd6 20. Nxd4 Ng4 21. Bxg4 fxg4 22. Ne4 Qd5 23. Rd1 Qxa2 24. Kf1 Qd5 25. Nc3 Qe5 26. Qb3+ Rf7 27. Kg1 c5 28. Nde2 Be6 29. Qc2 b6 30. Nc1 Raf8 31. Rd2 c4 32. N1a2 a5 33. Qe4 Qxe4 34. Nxe4 Rd7 35. Nac3 Rxd2 36. Nxd2 Rd8 37. Nde4 Bf5 38. f3 gxf3 39. gxf3 Bxe4 40. Nxe4 Rd1+ 41. Kg2 Rxh1 42. Kxh1 Bxb2 43. Kg2 c3 0-1

[Event "St Petersburg Korchnoi Memorial op"]
[Site "St Petersburg"]
[Date "2023.08.21"]
[Round "5"]
[White "Bondarenko, Ivan"]
[Black "Krikunova, Olesya"]
[Result "1-0"]
[WhiteElo "2144"]
[BlackElo "1940"]
[PlyCount "49"]
[EventDate "2023.08.18"]
[EventType "swiss"]
[EventRounds "9"]
[EventCountry "RUS"]
[SourceTitle "EXT 2024"]
[Source "ChessBase"]
[SourceDate "2023.10.10"]
[SourceVersion "1"]
[SourceVersionDate "2023.10.10"]
[SourceQuality "1"]

1. d4 Nf6 2. c4 e6 3. Nc3 Bb4 4. e3 0-0 5. a3 Bxc3+ 6. bxc3 d5 7. cxd5 exd5 8. Bd3 c5 9. f3 Nc6 10. Ne2 Re8 11. 0-0 b6 12. Ng3 Bb7 13. Ra2 Rc8 14. Kh1 Na5 15. Re2 cxd4 16. cxd4 Kh8 17. e4 dxe4 18. fxe4 Ng4 19. h3 Nc6 20. Bb2 Qc7 21. e5 Nf6 22. Nf5 Nd5 23. Nd6 Re7 24. Be4 Ba6 25. Nxc8 1-0

[Event "St Petersburg Korchnoi Memorial op"]
[Site "St Petersburg"]
[Date "2023.08.20"]
[Round "4"]
[White "Tolstykh, Ivan"]
[Black "Bondarenko, Ivan"]
[Result "1/2-1/2"]
[WhiteElo "1879"]
[BlackElo "2144"]
[PlyCount "91"]
[EventDate "2023.08.18"]
[EventType "swiss"]
[EventRounds "9"]
[EventCountry "RUS"]
[SourceTitle "EXT 2024"]
[Source "ChessBase"]
[SourceDate "2023.10.10"]
[SourceVersion "1"]
[SourceVersionDate "2023.10.10"]
[SourceQuality "1"]

1. d4 Nf6 2. c4 c5 3. d5 e5 4. Nc3 d6 5. e4 Be7 6. Bd3 0-0 7. Nge2 Nbd7 8. Ng3 Ne8 9. h4 a6 10. Nf5 Rb8 11. a4 b6 12. Be3 Kh8 13. Qd2 Nc7 14. g4 Nf6 15. f3 Bd7 16. h5 b5 17. g5 Ng8 18. g6 Bxf5 19. exf5 bxc4 20. h6 Bh4+ 21. Kd1 fxg6 22. fxg6 cxd3 23. hxg7+ Kxg7 24. gxh7 Qf6 25. hxg8Q+ Rxg8 26. Kc1 c4 27. Ne4 Qxf3 28. Rxh4 Nxd5 29. Ba7 Qf1+ 30. Qd1 Qxd1+ 31. Kxd1 Rxb2 32. Rg4+ Kf8 33. Rxg8+ Kxg8 34. Rc1 Rh2 35. Rxc4 Kf7 36. Nxd6+ Ke6 37. Ne4 Re2 38. Rc6+ Kf7 39. Nc3 Rc2 40. Nxd5 Rxc6 41. Nb4 Rc3 42. Kd2 Ra3 43. Nxd3 Ke6 44. Bb6 e4 45. Nc5+ Kd5 46. a5 1/2-1/2

[Event "St Petersburg-ch 96th"]
[Site "St Petersburg"]
[Date "2023.03.22"]
[Round "5"]
[White "Bondarenko, Ivan"]
[Black "Saveliev, Alexei"]
[Result "1-0"]
[WhiteElo "2166"]
[BlackElo "2390"]
[PlyCount "97"]
[EventDate "2023.03.18"]
[EventType "swiss"]
[EventRounds "9"]
[EventCountry "RUS"]
[SourceTitle "CBM 213 Extra"]
[Source "ChessBase"]
[SourceDate "2023.05.31"]
[SourceVersion "1"]
[SourceVersionDate "2023.05.31"]
[SourceQuality "1"]

1. d4 Nf6 2. c4 e6 3. Nc3 Bb4 4. Qc2 d5 5. a3 Bxc3+ 6. Qxc3 c5 7. dxc5 d4 8. Qc2 e5 9. e3 Nc6 10. Nf3 0-0 11. b4 Re8 12. e4 a5 13. b5 Nb8 14. a4 Nbd7 15. Ba3 Qe7 16. c6 Nc5 17. Nd2 bxc6 18. bxc6 Ba6 19. Rb1 Qa7 20. Rb5 Ne6 21. Rxe5 d3 22. Qxd3 Rad8 23. Qe3 Qc7 24. Qc3 Qxc6 25. Be2 Nf4 26. Rxe8+ Qxe8 27. Qf3 Nxe2 28. Qxe2 Qd7 29. e5 Nd5 30. Bd6 f6 31. 0-0 Nf4 32. Qf3 fxe5 33. Bxe5 Ng6 34. Bc3 Bb7 35. Qg3 Rf8 36. Rb1 Bc6 37. Rb8 Bxa4 38. Rxf8+ Nxf8 39. Bxa5 Qf5 40. Bc3 Qd7 41. h4 Bc6 42. Kh2 h6 43. Nf1 Qf7 44. Ne3 Be4 45. f3 Bg6 46. Qe5 Nd7 47. Qd6 Kh7 48. c5 Qb3 49. Bd4 1-0

[Event "Chigorin Memorial 29th"]
[Site "St Petersburg"]
[Date "2022.10.29"]
[Round "8"]
[White "Bondarenko, Ivan"]
[Black "Reger, Valeriia"]
[Result "1-0"]
[WhiteElo "2178"]
[BlackElo "2039"]
[PlyCount "139"]
[EventDate "2022.10.22"]
[EventType "swiss"]
[EventRounds "9"]
[EventCountry "RUS"]
[SourceTitle "EXT 2024"]
[Source "ChessBase"]
[SourceDate "2023.10.10"]
[SourceVersion "1"]
[SourceVersionDate "2023.10.10"]
[SourceQuality "1"]

1. d4 Nf6 2. c4 e6 3. Nc3 Bb4 4. e3 b6 5. Nge2 Ba6 6. a3 Bxc3+ 7. Nxc3 0-0 8. d5 d6 9. Be2 Nbd7 10. 0-0 e5 11. e4 Re8 12. Be3 Nf8 13. b4 Ng6 14. g3 Qd7 15. f3 Qh3 16. c5 Bxe2 17. Qxe2 bxc5 18. bxc5 dxc5 19. Bxc5 c6 20. d6 Nh5 21. Rfd1 Qd7 22. Rab1 Nf8 23. Bf2 Ne6 24. f4 Nhxf4 25. gxf4 Nxf4 26. Qf3 Nh3+ 27. Kg2 Nxf2 28. Qxf2 Re6 29. Qf5 g6 30. Qg5 Rxd6 31. Qxe5 Rd2+ 32. Kh1 Qd3 33. Rxd2 Qxd2 34. Rf1 Qd3 35. Qf6 Qc4 36. h4 h5 37. Rb1 Qd3 38. Kg2 Rd8 39. Rf1 Rd7 40. Qxc6 Re7 41. Qf6 Rc7 42. Rf3 Qd2+ 43. Kh3 Qd7+ 44. Kg3 Qg4+ 45. Kf2 Rb7 46. Re3 Rb6 47. Qg5 Rb2+ 48. Ne2 Qd7 49. e5 Qe6 50. Kg3 Rb3 51. Kf2 Rb2 52. Qf6 Rb6 53. Qxe6 Rxe6 54. Nf4 Ra6 55. Nd5 Ra4 56. Kg3 Kg7 57. Nf6 Kh6 58. Ne4 Kg7 59. Kf4 Rd4 60. Rc3 a5 61. Rc7 Kf8 62. Ke3 Rd5 63. Kf4 Rd3 64. Ng5 Rxa3 65. Rxf7+ Ke8 66. e6 Ra4+ 67. Ke5 Rxh4 68. Nh7 Rh1 69. Nf6+ Kd8 70. e7+ 1-0

[Event "Chigorin Memorial 25th"]
[Site "St Petersburg"]
[Date "2017.10.26"]
[Round "6"]
[White "Bondarenko, Ivan"]
[Black "Belenkaya, Dina"]
[Result "0-1"]
[WhiteElo "2131"]
[BlackElo "2346"]
[PlyCount "106"]
[EventDate "2017.10.21"]
[EventType "swiss"]
[EventRounds "9"]
[EventCountry "RUS"]
[SourceTitle "CBM 181 Extra"]
[Source "ChessBase"]
[SourceDate "2017.12.12"]
[SourceVersion "1"]
[SourceVersionDate "2017.12.12"]
[SourceQuality "1"]

1. d4 d5 2. c4 dxc4 3. e4 Nf6 4. e5 Nd5 5. Bxc4 Nc6 6. Nc3 Nb6 7. Bb5 Bd7 8. a3 e6 9. Nge2 Ne7 10. Bd3 Bc6 11. f3 Bd5 12. Be3 Qd7 13. Bf2 Bc4 14. Be4 Ned5 15. Qc2 Be7 16. 0-0 Nxc3 17. bxc3 Nd5 18. Rfe1 Qb5 19. Reb1 Qc6 20. Ng3 g6 21. Nf1 0-0 22. Nd2 b5 23. Nxc4 bxc4 24. f4 Rab8 25. g4 Kh8 26. h4 Rb6 27. Rxb6 Qxb6 28. Bxd5 exd5 29. Rb1 Qa6 30. f5 gxf5 31. gxf5 Rg8+ 32. Kh1 Qh6 33. f6 Qf4 34. Rg1 Bxa3 35. Rxg8+ Kxg8 36. Kg1 Bf8 37. Qa4 Qg4+ 38. Kf1 Qh3+ 39. Kg1 Qxc3 40. Qd7 Qf3 41. Qxc7 c3 42. e6 fxe6 43. Bg3 Qd1+ 44. Kh2 Qe2+ 45. Kh3 c2 46. Be5 Qf3+ 47. Kh2 Qf2+ 48. Kh3 Qf5+ 49. Kh2 h5 50. Bg3 Qe4 51. Qc8 Qe2+ 52. Kh3 Qf1+ 53. Kh2 c1Q 0-1

[Event "St Petersburg Summer op"]
[Site "St Petersburg"]
[Date "2017.08.20"]
[Round "5"]
[White "Bondarenko, Ivan"]
[Black "Tran, Minh Thang"]
[Result "1-0"]
[WhiteElo "2207"]
[BlackElo "2367"]
[PlyCount "121"]
[EventDate "2017.08.16"]
[EventType "swiss"]
[EventRounds "9"]
[EventCountry "RUS"]
[SourceTitle "CBM 180 Extra"]
[Source "ChessBase"]
[SourceDate "2017.10.06"]
[SourceVersion "1"]
[SourceVersionDate "2017.10.06"]
[SourceQuality "1"]

1. d4 Nf6 2. c4 g6 3. g3 Bg7 4. Bg2 d5 5. cxd5 Nxd5 6. e4 Nb6 7. Ne2 c5 8. d5 0-0 9. 0-0 e6 10. Nec3 Na6 11. Bf4 exd5 12. exd5 Nc4 13. Nd2 Ne5 14. Nde4 Bg4 15. Qd2 Nc4 16. Qc1 Nb4 17. Nxc5 b6 18. a3 bxc5 19. axb4 cxb4 20. Ne4 Rc8 21. Ra6 Be2 22. Rc6 Bxf1 23. Qxf1 Nxb2 24. Bg5 Qa5 25. Ra6 Qc7 26. d6 Qc2 27. d7 Rb8 28. Be7 Qc7 29. Bxf8 Kxf8 30. Nc5 Qxc5 31. Rc6 Na4 32. Rxc5 Nxc5 33. Qb5 Nxd7 34. Qxd7 Re8 35. Bd5 Re7 36. Qd8+ Re8 37. Qd6+ Re7 38. Qb8+ Re8 39. Qxa7 Re7 40. Qb8+ Re8 41. Qxb4+ Re7 42. Qb8+ Re8 43. Qd6+ Kg8 44. Qd7 Rf8 45. Kg2 Bf6 46. f4 Kg7 47. g4 h6 48. Kf3 g5 49. fxg5 hxg5 50. Bb3 Bc3 51. Qd5 Bf6 52. Kg2 Kg6 53. h4 gxh4 54. Qf5+ Kg7 55. g5 Bc3 56. Kh3 Bb2 57. Kxh4 Bc3 58. Kg4 Bb2 59. Qd7 Kg6 60. Qc6+ Kg7 61. Qh6+ 1-0

[Event "St Petersburg Summer op"]
[Site "St Petersburg"]
[Date "2017.08.17"]
[Round "2"]
[White "Ochsner, Bjorn Moller"]
[Black "Bondarenko, Ivan"]
[Result "1-0"]
[WhiteElo "2443"]
[BlackElo "2207"]
[PlyCount "65"]
[EventDate "2017.08.16"]
[EventType "swiss"]
[EventRounds "9"]
[EventCountry "RUS"]
[SourceTitle "CBM 180 Extra"]
[Source "ChessBase"]
[SourceDate "2017.10.06"]
[SourceVersion "1"]
[SourceVersionDate "2017.10.06"]
[SourceQuality "1"]

1. e4 c5 2. Nf3 e6 3. d4 cxd4 4. Nxd4 Nf6 5. Nc3 d6 6. g4 e5 7. Bb5+ Bd7 8. Bxd7+ Qxd7 9. Nf5 h5 10. gxh5 Nxh5 11. Bh6 g6 12. Bxf8 gxf5 13. Qxd6 Rxf8 14. Qxe5+ Qe6 15. Qb5+ Qc6 16. 0-0-0 Nd7 17. Qxf5 Ng7 18. Qg4 Ne6 19. Nd5 Rh8 20. f4 Rc8 21. c3 Nef8 22. e5 Qe6 23. f5 Nxe5 24. Qb4 Qh6+ 25. Kb1 Qg5 26. Qxb7 Qxf5+ 27. Ka1 Nfg6 28. Rhf1 Qh3 29. Qb4 f5 30. Rfe1 Qh4 31. Qb7 Rd8 32. Qg7 Rxd5 33. Qxg6+ 1-0

[Event "St Petersburg Summer op"]
[Site "St Petersburg"]
[Date "2016.08.25"]
[Round "9"]
[White "Nikitinyh, Boris Aleksandrovic"]
[Black "Bondarenko, Ivan"]
[Result "1/2-1/2"]
[WhiteElo "2099"]
[BlackElo "2224"]
[PlyCount "97"]
[EventDate "2016.08.17"]
[EventType "swiss"]
[EventRounds "9"]
[EventCountry "RUS"]
[SourceTitle "CBM 174 Extra"]
[Source "ChessBase"]
[SourceDate "2016.10.10"]
[SourceVersion "1"]
[SourceVersionDate "2016.10.10"]
[SourceQuality "1"]

1. e4 c5 2. Nf3 e6 3. Nc3 Nc6 4. g3 Nf6 5. Bg2 d5 6. exd5 exd5 7. d4 Be7 8. 0-0 0-0 9. Re1 Bg4 10. Ne2 Ne4 11. Be3 cxd4 12. Nexd4 Bf6 13. c3 Na5 14. h3 Bh5 15. g4 Bg6 16. Nd2 Nxd2 17. Bxd2 Nc4 18. Bc1 h6 19. b3 Nd6 20. Bxd5 Qa5 21. Bg2 Qxc3 22. Be3 Rfd8 23. Rc1 Qa5 24. Qe2 Rac8 25. Red1 Rxc1 26. Rxc1 Re8 27. Rd1 Ne4 28. Qb5 Qd8 29. Qf1 Qe7 30. Ne2 Nxf2 31. Bxf2 Qxe2 32. Qxe2 Rxe2 33. a3 Ra2 34. Bxb7 Rxa3 35. Bd5 a5 36. Bc5 Ra2 37. Bd4 Bc2 38. Rd2 Bxd4+ 39. Rxd4 Rb2 40. Rc4 Bxb3 41. Rc8+ Kh7 42. Rb8 Rb1+ 43. Kf2 Bc2 44. Ra8 Ra1 45. Bxf7 a4 46. h4 Bg6 47. Bg8+ Kh8 48. h5 Bb1 49. Bd5+ 1/2-1/2

[Event "St Petersburg Summer op"]
[Site "St Petersburg"]
[Date "2016.08.17"]
[Round "1"]
[White "Popovich, Alexey"]
[Black "Bondarenko, Ivan"]
[Result "0-1"]
[WhiteElo "1818"]
[BlackElo "2224"]
[PlyCount "46"]
[EventDate "2016.08.17"]
[EventType "swiss"]
[EventRounds "9"]
[EventCountry "RUS"]
[SourceTitle "CBM 174 Extra"]
[Source "ChessBase"]
[SourceDate "2016.10.10"]
[SourceVersion "1"]
[SourceVersionDate "2016.10.10"]
[SourceQuality "1"]

1. e4 c5 2. Nf3 e6 3. d4 cxd4 4. Nxd4 Nf6 5. Nc3 d6 6. Be3 Be7 7. f4 0-0 8. Qf3 e5 9. Nf5 Bxf5 10. exf5 Nbd7 11. Bc4 exf4 12. Bxf4 Ne5 13. Bxe5 dxe5 14. Rd1 Qb6 15. Bb3 Bb4 16. Qf2 Qa5 17. Rd3 e4 18. Rh3 e3 19. Qe2 Bxc3+ 20. bxc3 Qxc3+ 21. Kf1 Qa1+ 22. Qe1 e2+ 23. Kf2 Qd4+ 0-1

[Event "RUS-chT U18"]
[Site "St Petersburg"]
[Date "2015.08.04"]
[Round "4.37"]
[White "Bondarenko, Ivan"]
[Black "Shapiro, David"]
[Result "1/2-1/2"]
[WhiteElo "2062"]
[BlackElo "2292"]
[PlyCount "133"]
[EventDate "2015.08.01"]
[EventType "team-swiss"]
[EventRounds "9"]
[EventCountry "RUS"]
[SourceTitle "CBM 167 Extra"]
[Source "ChessBase"]
[SourceDate "2015.09.14"]
[SourceVersion "1"]
[SourceVersionDate "2015.09.14"]
[SourceQuality "1"]
[WhiteTeam "SDYuSShOR SS III"]
[BlackTeam "Samara Rook"]
[WhiteTeamCountry "RUS"]
[BlackTeamCountry "RUS"]

1. d4 d5 2. c4 Nc6 3. Nc3 dxc4 4. d5 Ne5 5. Bf4 Ng6 6. Bg3 e5 7. e4 Nf6 8. Bxc4 a6 9. a4 Bd6 10. Nf3 0-0 11. 0-0 Nh5 12. Re1 Nhf4 13. Bf1 f5 14. Nd2 Qg5 15. exf5 Qxf5 16. Nde4 Qf7 17. f3 Ne7 18. Qb3 Qg6 19. Kh1 Rb8 20. Bxf4 Rxf4 21. Bxa6 Rh4 22. Bf1 Nf5 23. Ne2 Bd7 24. Rac1 Rf8 25. g3 Rh6 26. g4 Nd4 27. Nxd4 exd4 28. Rc2 Kh8 29. h3 Bf4 30. Bg2 Qb6 31. Qxb6 Rxb6 32. a5 Rb4 33. Nc5 Re8 34. Rxe8+ Bxe8 35. Nd3 Bg6 36. Re2 Bd6 37. Nxb4 Bxb4 38. f4 d3 39. Re3 Bc5 40. Re6 d2 41. Bf3 Bf7 42. f5 Bxe6 43. dxe6 Kg8 44. Kg2 Bb4 45. a6 bxa6 46. Kf1 Kf8 47. Ke2 Ke7 48. Kd3 Kd6 49. Ke4 a5 50. g5 a4 51. Kd3 Ke5 52. Bg4 d1Q+ 53. Bxd1 Kxf5 54. Bxa4 Kxe6 55. Bc2 Be7 56. Kc4 g6 57. Kb5 Bxg5 58. Kc6 Bf4 59. b4 Kf6 60. b5 Kg5 61. Bb3 Kh4 62. Be6 h5 63. b6 cxb6 64. Kxb6 g5 65. Kc5 g4 66. hxg4 hxg4 67. Bxg4 1/2-1/2

[Event "RUS-chT U18"]
[Site "St Petersburg"]
[Date "2015.08.03"]
[Round "3.29"]
[White "Bondarenko, Ivan"]
[Black "Triapishko, Alexandr"]
[Result "0-1"]
[WhiteElo "2062"]
[BlackElo "2459"]
[PlyCount "70"]
[EventDate "2015.08.01"]
[EventType "team-swiss"]
[EventRounds "9"]
[EventCountry "RUS"]
[SourceTitle "CBM 167 Extra"]
[Source "ChessBase"]
[SourceDate "2015.09.14"]
[SourceVersion "1"]
[SourceVersionDate "2015.09.14"]
[SourceQuality "1"]
[WhiteTeam "SDYuSShOR SS III"]
[BlackTeam "Crimea Republic"]
[WhiteTeamCountry "RUS"]
[BlackTeamCountry "RUS"]

1. d4 Nf6 2. c4 e6 3. Nc3 d5 4. cxd5 exd5 5. Bg5 Bb4 6. a3 Bxc3+ 7. bxc3 c5 8. f3 Nc6 9. e3 0-0 10. Bd3 Re8 11. Ne2 h6 12. Bxf6 Qxf6 13. Kf2 cxd4 14. cxd4 Bf5 15. Bb5 Rac8 16. Rc1 a6 17. Bxc6 bxc6 18. Rc3 Qh4+ 19. g3 Qf6 20. Nc1 c5 21. Rxc5 Qe7 22. Re1 Rxc5 23. dxc5 Qxc5 24. Qa4 Rc8 25. Ne2 Bd3 26. Rc1 Bc4 27. Rc2 Rb8 28. Rc1 Rb2 29. Re1 Qb5 30. Qxb5 axb5 31. f4 Ra2 32. Kf3 Rxa3 33. Rb1 Ra2 34. Nc3 Rc2 35. Nxb5 Be2+ 0-1

[Event "RUS-chT U18"]
[Site "St Petersburg"]
[Date "2015.08.01"]
[Round "1.41"]
[White "Tarasov, Alexandr"]
[Black "Bondarenko, Ivan"]
[Result "1-0"]
[WhiteElo "2305"]
[BlackElo "2062"]
[PlyCount "59"]
[EventDate "2015.08.01"]
[EventType "team-swiss"]
[EventRounds "9"]
[EventCountry "RUS"]
[SourceTitle "CBM 167 Extra"]
[Source "ChessBase"]
[SourceDate "2015.09.14"]
[SourceVersion "1"]
[SourceVersionDate "2015.09.14"]
[SourceQuality "1"]
[WhiteTeam "Moscow SSHOR Youth III"]
[BlackTeam "SDYuSShOR SS III"]
[WhiteTeamCountry "RUS"]
[BlackTeamCountry "RUS"]

1. Nf3 Nf6 2. c4 c5 3. Nc3 b6 4. g3 Bb7 5. Bg2 e6 6. 0-0 Be7 7. d4 cxd4 8. Qxd4 d6 9. Bg5 h6 10. Bxf6 Bxf6 11. Qf4 a6 12. Rfd1 Be7 13. Ne5 dxe5 14. Rxd8+ Bxd8 15. Qxe5 Bf6 16. Qc7 Bxg2 17. Kxg2 Nd7 18. Rd1 Rd8 19. f4 Bxc3 20. bxc3 h5 21. h4 e5 22. fxe5 Rh6 23. a4 a5 24. Rd6 Re6 25. Rxe6+ fxe6 26. Qd6 Nc5 27. Qxb6 Rc8 28. Qxa5 Kd7 29. Qa7+ Rc7 30. Qb8 1-0